[Event "Minsk op"]
[Site "Minsk"]
[Date "2013.07.14"]
[Round "2"]
[White "Gorovets, Andrey"]
[Black "Prihodko, Ilja"]
[Result "1-0"]
[WhiteElo "2481"]
[BlackElo "2099"]
[PlyCount "25"]
[EventDate "2013.07.13"]
[EventType "swiss"]
[EventRounds "9"]
[EventCountry "BLR"]
[SourceTitle "CBM 155 Extra"]
[Source "ChessBase"]
[SourceDate "2013.08.26"]
[SourceVersion "1"]
[SourceVersionDate "2013.08.26"]
[SourceQuality "1"]

1. e4 e5 2. Nf3 Nc6 3. d4 d5 4. Bb5 dxe4 5. Nxe5 Bd7 6. Bxc6 Bxc6 7. Nxc6 bxc6 8. 0-0 f5 9. f3 exf3 10. Qxf3 Qxd4+ 11. Be3 Qe4 12. Qf2 Nf6 13. Nc3 1-0

[Event "Kineshma op"]
[Site "Kineshma"]
[Date "2011.08.05"]
[Round "6"]
[White "Prihodko, Ilja"]
[Black "Kalugin, Alexander"]
[Result "1-0"]
[WhiteElo "2109"]
[BlackElo "2120"]
[PlyCount "97"]
[EventDate "2011.08.03"]
[EventType "swiss"]
[EventRounds "9"]
[EventCountry "RUS"]
[SourceTitle "CBM 144 Extra"]
[Source "ChessBase"]
[SourceDate "2011.10.28"]
[SourceVersion "1"]
[SourceVersionDate "2011.10.28"]
[SourceQuality "1"]

1. e4 e6 2. d4 d5 3. exd5 exd5 4. c4 Nf6 5. Nc3 Be7 6. Nf3 0-0 7. Be2 dxc4 8. Bxc4 Nbd7 9. 0-0 Nb6 10. Bb3 c6 11. Re1 Nfd5 12. Bc2 f5 13. Ne5 Bf6 14. Qf3 g6 15. Bb3 Kh8 16. Bh6 Bg7 17. Bxg7+ Kxg7 18. Nxd5 Nxd5 19. Bxd5 Qxd5 20. Qxd5 cxd5 21. Rac1 Kf6 22. Rc7 Be6 23. Rxh7 b5 24. Rb7 Rfb8 25. Nd7+ Bxd7 26. Rxd7 Rd8 27. Rde7 Rd6 28. Rc7 Re6 29. Rxe6+ Kxe6 30. Rc6+ Kd7 31. Rc5 Ke6 32. Rxb5 Rc8 33. Rc5 Rb8 34. b3 Rb4 35. Rc6+ Kf7 36. Ra6 Rxd4 37. Rxa7+ Kf6 38. g3 g5 39. h3 Rd2 40. Kg2 Rb2 41. Kf3 Ke5 42. Ra4 d4 43. Ra5+ Ke6 44. g4 f4 45. Rxg5 d3 46. Ke4 d2 47. Re5+ Kf6 48. Rd5 Rxa2 49. f3 1-0

[Event "Kineshma op"]
[Site "Kineshma"]
[Date "2011.08.04"]
[Round "4"]
[White "Makushkin, Andrey"]
[Black "Prihodko, Ilja"]
[Result "0-1"]
[WhiteElo "1870"]
[BlackElo "2109"]
[PlyCount "40"]
[EventDate "2011.08.03"]
[EventType "swiss"]
[EventRounds "9"]
[EventCountry "RUS"]
[SourceTitle "CBM 144 Extra"]
[Source "ChessBase"]
[SourceDate "2011.10.28"]
[SourceVersion "1"]
[SourceVersionDate "2011.10.28"]
[SourceQuality "1"]

1. e4 c5 2. Nf3 e6 3. d4 cxd4 4. Nxd4 Nf6 5. Nc3 d6 6. Bc4 a6 7. a4 Be7 8. 0-0 0-0 9. Be3 Nc6 10. Nb3 Qc7 11. Be2 b6 12. f4 Rd8 13. Qe1 d5 14. exd5 exd5 15. Qf2 d4 16. Nxd4 Nxd4 17. Bxd4 Rxd4 18. Rad1 Rxd1 19. Nxd1 Bc5 20. Ne3 Nd5 0-1

[Event "Dmitrov op"]
[Site "Dmitrov"]
[Date "2011.07.31"]
[Round "6"]
[White "Prihodko, Ilja"]
[Black "Tarmosin, Mikhail"]
[Result "1-0"]
[WhiteElo "2119"]
[BlackElo "2111"]
[PlyCount "63"]
[EventDate "2011.07.29"]
[EventType "swiss"]
[EventRounds "9"]
[EventCountry "RUS"]
[SourceTitle "CBM 143 Extra"]
[Source "ChessBase"]
[SourceDate "2011.08.29"]
[SourceVersion "1"]
[SourceVersionDate "2011.08.29"]
[SourceQuality "1"]

1. e4 c5 2. Nf3 Nc6 3. d4 cxd4 4. Nxd4 g6 5. Nc3 Bg7 6. Be3 Nf6 7. Be2 Qa5 8. Nb3 Qc7 9. Qd2 0-0 10. 0-0-0 d6 11. f3 Be6 12. Nd4 Nxd4 13. Bxd4 Rfc8 14. g4 a6 15. h4 b5 16. Bxf6 Bxf6 17. Nd5 Bxd5 18. exd5 b4 19. g5 Bc3 20. Qd3 Qa5 21. Kb1 Bxb2 22. Kxb2 Rc3 23. Qd4 Rac8 24. Bd3 Qa4 25. Rd2 Rb8 26. h5 Qa3+ 27. Kb1 b3 28. cxb3 Rbxb3+ 29. axb3 Rxb3+ 30. Kc2 Rb4 31. Qc3 Qa4+ 32. Kc1 1-0

[Event "Dmitrov op"]
[Site "Dmitrov"]
[Date "2011.07.29"]
[Round "1"]
[White "Dementieva, Julia"]
[Black "Prihodko, Ilja"]
[Result "0-1"]
[WhiteElo "1683"]
[BlackElo "2119"]
[PlyCount "72"]
[EventDate "2011.07.29"]
[EventType "swiss"]
[EventRounds "9"]
[EventCountry "RUS"]
[SourceTitle "CBM 143 Extra"]
[Source "ChessBase"]
[SourceDate "2011.08.29"]
[SourceVersion "1"]
[SourceVersionDate "2011.08.29"]
[SourceQuality "1"]

1. e4 e5 2. Nf3 Nc6 3. Bb5 f5 4. d3 Nf6 5. Nbd2 d6 6. 0-0 Be7 7. Re1 0-0 8. c3 Kh8 9. d4 fxe4 10. Nxe4 Nxe4 11. Rxe4 d5 12. Re1 e4 13. Ne5 Nxe5 14. dxe5 c6 15. Bf1 Qc7 16. Qd4 Be6 17. c4 Rf5 18. cxd5 cxd5 19. Be3 Qxe5 20. Qxe5 Rxe5 21. Bd4 Rf5 22. Rac1 Rf7 23. f3 Bg5 24. Rc2 Bf5 25. Rc5 Rd8 26. Be2 Bf6 27. Bxf6 gxf6 28. Rec1 e3 29. Rc7 Rxc7 30. Rxc7 d4 31. Bd1 d3 32. Re7 e2 33. Bb3 Rc8 34. Kf2 Rc1 35. g4 Rf1+ 36. Kg2 e1Q 0-1

[Event "Moscow op-E"]
[Site "Moscow"]
[Date "2011.02.02"]
[Round "5.163"]
[White "Prihodko, Ilja"]
[Black "Nazarov, Ilya"]
[Result "1-0"]
[WhiteElo "2109"]
[BlackElo "1881"]
[PlyCount "31"]
[EventDate "2011.01.29"]
[EventType "swiss"]
[EventRounds "9"]
[EventCountry "RUS"]
[SourceTitle "EXT 2022"]
[Source "ChessBase"]
[SourceDate "2021.10.06"]
[SourceVersion "1"]
[SourceVersionDate "2021.10.06"]
[SourceQuality "1"]

1. e4 Nf6 2. e5 Nd5 3. d4 d6 4. Nf3 Bg4 5. Bc4 e6 6. 0-0 Nc6 7. Bxd5 exd5 8. Re1 dxe5 9. Nxe5 Nxe5 10. Qxg4 Be7 11. dxe5 g6 12. Bh6 Rg8 13. Nc3 g5 14. e6 f6 15. Rad1 c6 16. Nxd5 1-0

[Event "Uljanovsk Povolje op"]
[Site "Uljanovsk"]
[Date "2010.11.23"]
[Round "8"]
[White "Prihodko, Ilja"]
[Black "Galiev, Azat"]
[Result "1/2-1/2"]
[WhiteElo "2042"]
[BlackElo "2261"]
[PlyCount "146"]
[EventDate "2010.11.19"]
[EventType "swiss"]
[EventRounds "9"]
[EventCountry "RUS"]
[SourceTitle "CBM 139 Extra"]
[Source "ChessBase"]
[SourceDate "2011.01.05"]
[SourceVersion "1"]
[SourceVersionDate "2011.01.05"]
[SourceQuality "1"]

1. e4 e5 2. Nf3 Nc6 3. Bb5 Nf6 4. 0-0 Nxe4 5. d4 Nd6 6. Bxc6 dxc6 7. dxe5 Nf5 8. Qxd8+ Kxd8 9. Nc3 h6 10. b3 Be7 11. Bb2 Be6 12. Rad1+ Ke8 13. Ne2 Rd8 14. h3 g6 15. g4 Ng7 16. Rxd8+ Kxd8 17. Bc1 h5 18. Bh6 hxg4 19. Nfd4 Nf5 20. Nxe6+ fxe6 21. Bc1 gxh3 22. Nf4 Ng7 23. Nxg6 Ke8 24. Nf4 Kf7 25. Kh2 Nf5 26. Rd1 Rd8 27. Rxd8 Bxd8 28. Ne2 Be7 29. Kxh3 Bc5 30. f4 Kg6 31. Kg4 b5 32. Bd2 Ne7 33. c4 Nf5 34. Ng3 bxc4 35. bxc4 Be3 36. Ba5 Nxg3 37. Kxg3 Kf5 38. Bxc7 Bxf4+ 39. Kf3 Bxe5 40. Ba5 Bd4 41. Bb4 e5 42. Bf8 e4+ 43. Ke2 Ke6 44. Ba3 Kd7 45. Bc1 Bc5 46. Be3 Bxe3 47. Kxe3 Kd6 48. Kxe4 Kc5 49. Kd3 Kb4 50. Kd4 a5 51. c5 Kb5 52. a3 a4 53. Kd3 Kxc5 54. Kc3 Kb5 55. Kd4 c5+ 56. Kd5 Kb6 57. Ke4 Kc6 58. Ke5 Kc7 59. Kd5 Kb6 60. Ke4 Ka6 61. Ke5 Ka5 62. Ke4 c4 63. Kd4 Kb5 64. Kc3 Kc5 65. Kd2 Kd4 66. Kc2 c3 67. Kc1 Kc5 68. Kb1 Kb5 69. Kc1 Kc4 70. Kc2 Kd4 71. Kc1 Kd3 72. Kd1 Kc4 73. Kc2 Kd4 1/2-1/2

[Event "Samara op"]
[Site "Samara"]
[Date "2010.07.27"]
[Round "5"]
[White "Prihodko, Ilja"]
[Black "Strokov, Anatoli"]
[Result "1-0"]
[WhiteElo "2048"]
[BlackElo "2144"]
[PlyCount "102"]
[EventDate "2010.07.23"]
[EventType "swiss"]
[EventRounds "9"]
[EventCountry "RUS"]
[SourceTitle "EXT 2011"]
[Source "ChessBase"]
[SourceDate "2010.11.26"]
[SourceVersion "1"]
[SourceVersionDate "2010.11.26"]
[SourceQuality "1"]

1. d4 Nf6 2. Nf3 c5 3. c3 b6 4. e3 Bb7 5. Bd3 g6 6. Nbd2 Bg7 7. 0-0 0-0 8. Qe2 Qc7 9. a3 d6 10. e4 Nbd7 11. b4 a5 12. Bb2 Nh5 13. Qe3 e5 14. g3 axb4 15. axb4 Rxa1 16. Rxa1 Ra8 17. Rxa8+ Bxa8 18. bxc5 bxc5 19. Bc4 Nb6 20. dxc5 Nxc4 21. Nxc4 dxc5 22. Ba3 Nf6 23. Nfd2 Nd7 24. Nb3 Qb7 25. Ncd2 Bf8 26. Nxc5 Qa7 27. Nxd7 Qxe3 28. fxe3 Bxa3 29. Nxe5 Bb7 30. Nb1 Bxe4 31. Nc4 Bc1 32. Nbd2 Bc2 33. Kf2 f5 34. Ke2 Kf7 35. Ne5+ Ke6 36. Nd3 Ba3 37. Nb4 Ba4 38. Nb1 Bc1 39. c4 Bb2 40. Nd3 Bc2 41. Nxb2 Bxb1 42. Nd1 Ke5 43. Nc3 Bc2 44. Kd2 Bb3 45. Kd3 g5 46. Ne2 Ba4 47. Nd4 Be8 48. Nf3+ Kf6 49. Kd4 Bc6 50. Ne5 Bg2 51. c5 Ke6 1-0

[Event "Dimitrovgrad Petrosian Memorial op"]
[Site "Dimitrovgrad"]
[Date "2010.06.22"]
[Round "9"]
[White "Prihodko, Ilja"]
[Black "Prikhodko, Anton"]
[Result "0-1"]
[WhiteElo "2041"]
[BlackElo "2074"]
[PlyCount "74"]
[EventDate "2010.06.12"]
[EventType "swiss"]
[EventRounds "9"]
[EventCountry "RUS"]
[SourceTitle "CBM 137 Extra"]
[Source "ChessBase"]
[SourceDate "2010.09.01"]
[SourceVersion "1"]
[SourceVersionDate "2010.09.01"]
[SourceQuality "1"]

1. e4 c5 2. Nf3 e6 3. d4 cxd4 4. Nxd4 Nc6 5. Nc3 Qc7 6. Be3 a6 7. Qd2 Nf6 8. f3 Bb4 9. 0-0-0 Ne5 10. Kb1 Be7 11. Qf2 b5 12. Nb3 d6 13. Bb6 Qb8 14. Bd4 Qc7 15. g4 0-0 16. h4 Nfd7 17. Be2 Bb7 18. f4 Nc4 19. Bf3 Rac8 20. Rd3 b4 21. Nd1 e5 22. fxe5 Ndxe5 23. Bxe5 Nxe5 24. Rd2 h5 25. gxh5 f5 26. Nd4 fxe4 27. Ne6 Qd7 28. Nxf8 Rxf8 29. Ne3 Rxf3 30. Qe2 d5 31. Rdd1 Bc5 32. Nf1 Rf2 33. Qe1 Nf3 34. Qxe4 Nd2+ 35. Nxd2 dxe4 36. Nxe4 Qxd1+ 37. Rxd1 Bxe4 0-1

[Event "Nabereznye Chelny op 8th"]
[Site "Nabereznye Chelny"]
[Date "2010.01.25"]
[Round "7"]
[White "Mukhamadeev, Frangiz"]
[Black "Prihodko, Ilja"]
[Result "1/2-1/2"]
[WhiteElo "1967"]
[BlackElo "2048"]
[PlyCount "96"]
[EventDate "2010.01.19"]
[EventType "swiss"]
[EventRounds "9"]
[EventCountry "RUS"]
[SourceTitle "CBM 134 Extra"]
[Source "ChessBase"]
[SourceDate "2010.03.03"]
[SourceVersion "1"]
[SourceVersionDate "2010.03.03"]
[SourceQuality "1"]

1. d4 Nf6 2. Nf3 d5 3. c4 c6 4. Nc3 dxc4 5. a4 Nd5 6. e4 Nxc3 7. bxc3 b5 8. Be2 e6 9. 0-0 Be7 10. Bf4 0-0 11. Qc2 a6 12. Rfb1 Bd7 13. Ra2 Be8 14. Qb2 Bd6 15. e5 Bc7 16. Bg5 Qc8 17. Be7 Nd7 18. Bxf8 Kxf8 19. Ng5 h6 20. Ne4 Nb6 21. axb5 cxb5 22. Bf3 Nd5 23. Rc1 Qd8 24. Nc5 a5 25. Qa3 Kg8 26. Nb7 Qb8 27. Nc5 Bc6 28. Qb2 Bb6 29. Ne4 b4 30. Raa1 bxc3 31. Nxc3 Bxd4 32. Qxb8+ Rxb8 33. Nxd5 Bxd5 34. Rxa5 Bxe5 35. Bxd5 exd5 36. Rxd5 Bf6 37. g4 Rc8 38. Kg2 c3 39. Kg3 Rc4 40. Rc2 g6 41. h4 Re4 42. f3 Re1 43. g5 hxg5 44. hxg5 Re5 45. Rxe5 Bxe5+ 46. f4 Bg7 47. Kg4 Kf8 48. Re2 Bd4 1/2-1/2

[Event "Nabereznye Chelny op 8th"]
[Site "Nabereznye Chelny"]
[Date "2010.01.19"]
[Round "1"]
[White "Darmin, Dmitry"]
[Black "Prihodko, Ilja"]
[Result "1-0"]
[WhiteElo "2364"]
[BlackElo "2048"]
[PlyCount "61"]
[EventDate "2010.01.19"]
[EventType "swiss"]
[EventRounds "9"]
[EventCountry "RUS"]
[SourceTitle "CBM 134 Extra"]
[Source "ChessBase"]
[SourceDate "2010.03.03"]
[SourceVersion "1"]
[SourceVersionDate "2010.03.03"]
[SourceQuality "1"]

1. e4 c5 2. Nf3 e6 3. c3 Nf6 4. e5 Nd5 5. d4 cxd4 6. cxd4 Nc6 7. a3 d6 8. Bd3 Be7 9. 0-0 h6 10. Qe2 Qb6 11. Rd1 Bd7 12. Be4 0-0-0 13. b4 a6 14. Qc4 Nc7 15. exd6 Bxd6 16. Be3 f5 17. d5 exd5 18. Qc2 d4 19. Nxd4 Nxd4 20. Bxd4 Qb5 21. Nc3 Qc4 22. Ba7 Be6 23. Na4 Na8 24. Qxc4+ Bxc4 25. Bxf5+ Kc7 26. Rac1 b5 27. Nb2 Bf4 28. Rxd8 Rxd8 29. Be3 Bxe3 30. fxe3 Nb6 31. Bd3 1-0